00478nam a2200193 a 4500001001300000003000900013005001700022008004100039020001000080082001500090100002100105245003700126260003300163300000900196500003500205505001000240650001300250700002100263nice12345678IN_TiNIC20260116012149.0050524s1910 edia grp 000 0 eng  ac8.400a294.3bRIC aRichard, Timothy aNew Testament of Higher Buddhism aEdinburghbT & T Clarkc1910 a275p aincludes index and biblioraphy2 aindex aBuddhism1 aRichard, Timothy